000 00933nam a22003370a 4500
001 PT55267
003 AR-LpoUNG
005 20210131231657.0
008 191001s2006||||xxk|||||||||||||||||spa d
020 _a9789871576043
_c$
040 _aAR-LpoUNG
_bspa
_cAR-LpoUNG
_eaacr
041 _aspa
044 _axxk
082 0 _aR423 924wor
245 1 4 _aThe Wordsworth :
_benglish-spanish spanish-english : dictionary
250 _a1ra. ed.
260 _aHertfordshire :
_bWordsworth,
_c2006.
300 _a972 p. :
_btbls.
650 4 _aDICCIONARIOS
650 4 _aENSEÑANZA SECUNDARIA
650 4 _aLENGUA ESPAÑOLA
650 4 _aLENGUA INGLESA
650 4 _aMATERIAL DE REFERENCIA
651 4 _aDOCUMENTOS TEORICOS O METODOLOGICOS
653 _aDICCIONARIOS BILINGÜES
653 _aDICCIONARIOS DE INGLES
653 _aESCUELA SECUNDARIA
710 2 _aWordsworth (London)
905 _a55267
942 _cLIB
999 _c11358
_d11358